000 00500cam a2200193ua 4500
020 _c750.00
041 _aeng
_h
082 _a028.72631
_bMCD/SE
100 _aMcDonald, M B .
245 _aSpeed science and technology laboratory manual /
_cM B McDonald.
_hTextual Documents
250 _a1 /
_b.
260 _aJodhpur :
_bScientific Publishers ,
_c1999.
300 _a231 ; .
365 _a750.00
504 _a
700 1 _aCopeland, L O .
942 _cBK
999 _c5527
_d5527